000 00805nas a2200253 454500
001 5140
005 20260407193504.0
008 260407s2002####ag###########|||spa#d
003 AR-UNSa-BCEJYS
040 _aAR-UNSa-BCEJYS
_bspa
_cAR-UNSa-BCEJYS
080 _a330
_xEconomía en general
245 1 0 _aInforme económico
264 1 _aBuenos Aires :
_bIMA (Instituto para el Modelo Argentino)
_c2002
310 _aFrecuencia: Bimestral
942 _cSER
590 _aniveau_biblio:s niveau_hierar:1
100 1 _aIMA
700 1 _aLavarello, Pablo José
650 _aDesarrollo económico y social
650 _aCrecimiento económico
650 _aGlobalización
650 _aECONOMIA ARGENTINA
856 4 1 _uhttps://biblioeco.unsa.edu.ar/pmb/images/revistas/IMA.jpg
_yImagen de portada
_qimage/jpeg
999 _c8417
_d8417